Statistics for Maisie Peters - Maybe Don't (Ft. JP Saxe)

Click here to take the quiz!

General Stats

  • This quiz has been taken 8 times
  • The average score is 397 of 452

Answer Stats

Answer% Correct
a
100%
And
100%
and
100%
be
100%
but...
100%
but
100%
But
100%
but..."
100%
'cause
100%
'Cause
100%
do,
100%
don't
100%
don't"
100%
from
100%
get
100%
go,
100%
"I
100%
I
100%
I'm
100%
in
100%
it
100%
it's
100%
know
100%
may
100%
maybe
100%
Maybe
100%
"Maybe
100%
mine
100%
of
100%
Oh,
100%
on
100%
Said,
100%
said,
100%
should
100%
So
100%
that
100%
that's
100%
the
100%
things
100%
think
100%
to
100%
up
100%
want
100%
we
100%
We
100%
what
100%
you
100%
(you)
100%
You
100%
your
100%
about
86%
again
86%
Because
86%
could
86%
every
86%
If
86%
if
86%
like
86%
me
86%
most"
86%
most
86%
never
86%
one
86%
only
86%
Only
86%
phone,
86%
run
86%
say
86%
Yeah,
86%
hang
71%
I've
71%
just
71%
losing
71%
out
71%
scared
71%
speak
71%
This
71%
this
71%
through
71%
us
71%
with
71%
without
71%
based
57%
been
57%
edit
57%
expectations
57%
getting
57%
hate
57%
honest
57%
how
57%
hurt
57%
is
57%
let
57%
making
57%
not
57%
outcome
57%
Tell
57%
they
57%
worse
57%
you're
57%
decisions
43%
different
43%
gonna
43%
group
43%
heads
43%
lately
43%
less
43%
mess
43%
right
43%
saying
43%
seem
43%
suprise
43%
suprises
43%
wrong,
43%
alone,
29%
always
29%
asleep
29%
boxes
29%
couple
29%
fall
29%
guess
29%
hoping
29%
peoples
29%
still
29%
unless
29%
word
29%
goodnight
14%
justified
14%
more
14%
sabotage
14%
Tick
14%
aside
0%
push
0%
reasons
0%
running
0%

Score Distribution

Percentile by Number Answered

Percent of People with Each Score

Your Score History

You have not taken this quiz